LEADER 00609nab a2200133 i 4500 001 000000319200 003 CaOOAMICUS 005 20180831173302.0 008 180831n xx uu u0 0und r 013 $a28871 040 $aSeMil$bita 245 13$aLa famiglia cristiana ama in Cristo. Come anche Cristo ha amato la Chiesa (Ef 5,25). Amore cristiano e amore coniugale. 650 4$aBibbia - NT - Lettera agli Efesini, 5,21-33.$0(OLS)http://semarc/subject/12975 996 $6245$aLa famiglia cristiana ama in Cristo. Come anche Cristo ha amato la Chiesa (Ef 5,25). Amore cristiano e amore coniugale$9(OLS)http://semarc/title/392982 LEADER 01304nam a2200253 i 4500 001 000000199877 003 CaOOAMICUS 005 20160429000000.0 008 160429s2003 it u000 u ita u 013 $a178572 020 $a88-209-7423-1 040 $aSeMil$bita 100 1 $aPontificio Consiglio della Cultura.$0(OLS)http://semarc/name/57252 245 10$aGesł Cristo portatore dell'acqua viva :$buna riflessione cristiana sul "New Age" /$cPontificio consiglio della cultura, Pontificio consiglio per il dialogo interreligioso. 260 $aCittą del Vaticano :$bLibreria Editrice Vaticana,$c2003. 300 $a92 p. ;$c21 cm. 650 4$aNew Age e cristianesimo.$0(OLS)http://semarc/subject/22051 710 0 $aSanta Sede : Pontificio Consiglio per il Dialogo Interreligioso.$0(OLS)http://semarc/name/1801 850 $aSeMil 852 $aSeMil$W1$xVenegono$y1$m2R II 388$j150411$B150411$CSeMilBibl$Z2$F211270 $81 961 $aLascito: Spezzibottiani don Mario 996 $6020$a88-209-7423-1$9(OLS)http://semarc/number/192299 996 $6245$aGesł Cristo portatore dell'acqua viva :$buna riflessione cristiana sul "New Age"$9(OLS)http://semarc/title/288958 996 $6260$aCittą del Vaticano :$bLibreria Editrice Vaticana$9(OLS)http://semarc/publisher/29734